Diaspora-Netherlands - Statistics

General Stats
  • This quiz has been taken 346 times
  • The average score is 10 of 11
Answer Stats
Number of immigrants Continent Country % Correct
5.023.846 North America United States of America
100%
350.000 Europe Germany
98%
1.067.245 North America Canada
97%
3.500.000 South America Brazil
96%
120.970 Europe Belgium
95%
335.493 Oceania Australia
94%
50.000 South America Argentina
92%
100.000 Oceania New Zealand
92%
1.000.000 Europe France
91%
40.438 Europe United Kingdom
89%
50.000 South America Chile
85%
No matching quizzes found
Score Distribution
Percent of People with Each Score
Percentile by Number Answered
Your Score History
You have not taken this quiz